[Event "CAN-ch U20 U1800"]
[Site "Toronto CAN"]
[Date "2019.08.10"]
[Round "6.33"]
[White "Yang, Lefan"]
[Black "Zuo, Roger"]
[Result "1/2-1/2"]
[WhiteElo "1394"]
[BlackElo "1235"]
[PlyCount "200"]
[EventDate "2019.08.08"]
[EventType "swiss"]
[EventRounds "8"]
[EventCountry "CAN"]

1. e4 e5 2. Nf3 Nc6 3. Bc4 Nf6 4. d3 h6 5. c3 Bc5 6. O-O d6 7. h3 O-O 8. Re1
Re8 9. Nbd2 a6 10. a4 a5 11. Nf1 Bd7 12. Ng3 Ne7 13. Qb3 Rf8 14. Be3 Bxe3 15.
fxe3 c6 16. d4 exd4 17. exd4 d5 18. exd5 cxd5 19. Bd3 Nc6 20. Ne5 Be6 21. Qxb7
Nxe5 22. dxe5 Rb8 23. Qc6 Nd7 24. Qd6 Rxb2 25. Qa3 Rb8 26. Qc1 Qc7 27. Qe3 Rb3
28. Rac1 Kh8 29. Bb5 Rc8 30. Bxd7 Qxd7 31. Ne2 Qxa4 32. Ra1 Ra3 33. Qc1 Rxa1
34. Qxa1 Qxa1 35. Rxa1 Rc5 36. Kf2 Bf5 37. Ke3 Be4 38. g3 Kh7 39. Ra3 g5 40. g4
Kg6 41. Kf2 f5 42. Nd4 fxg4 43. hxg4 Kf7 44. e6+ Ke7 45. Kg3 Kd6 46. Kf2 Bh7
47. Ra2 Bg8 48. Re2 Rc8 49. Nf5+ Kc7 50. Ng7 Kd6 51. e7 Bf7 52. e8=Q Bxe8 53.
Nxe8+ Kd7 54. Nf6+ Kd6 55. Nh5 Rxc3 56. Ra2 d4 57. Rxa5 d3 58. Ke3 Rc4 59. Kxd3
Rxg4 60. Ra6+ Kc5 61. Rxh6 Rh4 62. Rh8 g4 63. Rc8+ Kb6 64. Nf4 g3 65. Ng2 Rh2
66. Rc2 Rh1 67. Rb2+ Ka6 68. Kc4 Rc1+ 69. Kd3 Rf1 70. Ke3 Rf8 71. Nf4 Re8+ 72.
Kf3 Rg8 73. Rg2 Ka7 74. Nh5 Rf8+ 75. Ke4 Re8+ 76. Kf5 Rf8+ 77. Ke6 Rg8 78. Nxg3
Ka8 79. Kf7 Rg4 80. Ra2+ Kb7 81. Nf5 Rf4 82. Ke6 Rf1 83. Nd6+ Kc6 84. Rc2+ Kb6
85. Kd7 Rh1 86. Rc6+ Ka5 87. Rc4 Rb1 88. Kc7 Rb4 89. Nb7+ Ka4 90. Rc6 Ka3 91.
Nc5 Rh4 92. Rb6 Rh7+ 93. Kc8 Rh8+ 94. Kb7 Rh7+ 95. Ka6 Ka2 96. Rb5 Rh3 97. Ka5
Ka3 98. Rb4 Ka2 99. Ne4 Ra3+ 100. Kb5 Rb3 1/2-1/2

[Event "CAN-ch U20 U1800"]
[Site "Toronto CAN"]
[Date "2019.08.10"]
[Round "6.34"]
[White "Yao, Henry"]
[Black "Lin, Joey"]
[Result "1/2-1/2"]
[WhiteElo "1475"]
[BlackElo "1450"]
[PlyCount "62"]
[EventDate "2019.08.08"]
[EventType "swiss"]
[EventRounds "8"]
[EventCountry "CAN"]

1. e4 c5 2. Nf3 d6 3. Bb5+ Bd7 4. Bxd7+ Nxd7 5. O-O Ngf6 6. Re1 Qc7 7. Nc3 a6
8. d4 cxd4 9. Nxd4 g6 10. Be3 Bg7 11. f3 O-O 12. Qe2 Rac8 13. f4 Nc5 14. Bf2 e5
15. fxe5 dxe5 16. Nb3 Nxb3 17. cxb3 Rfd8 18. Rac1 Qe7 19. Bh4 Qc5+ 20. Kh1 Rd7
21. Bxf6 Bxf6 22. Nd5 Rxd5 23. Rxc5 Rdxc5 24. Qf3 Bg7 25. g3 Rc2 26. Re2 Rc1+
27. Kg2 Ra1 28. Rf2 Rf8 29. Qd3 Rxa2 30. b4 Ra1 31. Qc2 Re1 1/2-1/2

[Event "CAN-ch U20 U1800"]
[Site "Toronto CAN"]
[Date "2019.08.10"]
[Round "6.35"]
[White "Prasanna, Shreyas"]
[Black "Zhong, April Yunwei"]
[Result "1-0"]
[WhiteElo "1412"]
[BlackElo "1376"]
[PlyCount "191"]
[EventDate "2019.08.08"]
[EventType "swiss"]
[EventRounds "8"]
[EventCountry "CAN"]

1. d4 f5 2. c4 Nf6 3. Nc3 e6 4. Bf4 d6 5. e3 Be7 6. Be2 Nc6 7. h3 e5 8. Bh2 Bd7
9. Nf3 e4 10. Nd2 h6 11. Bh5+ Kf8 12. a3 Be8 13. Be2 d5 14. c5 Qd7 15. b4 Nd8
16. Nb5 Ne6 17. Be5 a6 18. Nc3 c6 19. Na4 Bd8 20. Bd6+ Kg8 21. f4 Bc7 22. Bxc7
Qxc7 23. Nb6 Rd8 24. a4 Nd7 25. a5 Nxb6 26. axb6 Qf7 27. g4 Kh7 28. gxf5 Qxf5
29. Bg4 Qf7 30. Rg1 Rg8 31. Qb3 Qf6 32. O-O-O Bf7 33. Rdf1 Rd7 34. Qd1 Kh8 35.
Bh5 Kh7 36. Bxf7 Rxf7 37. Qg4 Qf5 38. Nb3 Qxg4 39. Rxg4 Kh8 40. Rfg1 Rgf8 41.
h4 Rf5 42. Na5 R8f7 43. Rg6 R5f6 44. Rxf6 gxf6 45. Kd2 Kh7 46. Ke2 f5 47. Kf2
Nd8 48. Rg3 Rf6 49. h5 Re6 50. Nb3 Re8 51. Nd2 Ne6 52. Rg6 Ng7 53. Rf6 Ra8 54.
Rf7 Rb8 55. Nf1 Kg8 56. Rf6 Kh7 57. Ng3 Ra8 58. Nxf5 Nxf5 59. Rxf5 Kg7 60. Re5
Kf6 61. Kg3 a5 62. bxa5 Rxa5 63. Re8 Ra3 64. Rb8 Rxe3+ 65. Kf2 Ra3 66. Rxb7 Ra8
67. Rc7 Rd8 68. Rxc6+ Ke7 69. Rxh6 Rf8 70. Ke3 Kf7 71. b7 Ke7 72. Rb6 Rb8 73.
h6 Kd8 74. h7 Kc7 75. Rh6 Rh8 76. c6 Kb8 77. f5 Kc7 78. f6 Kxc6 79. f7+ Kxb7
80. f8=Q Rxf8 81. h8=Q Rxh8 82. Rxh8 Kc6 83. Re8 Kd6 84. Re5 Kc6 85. Kf4 Kd6
86. Kf5 Kc6 87. Ke6 Kb5 88. Kxd5 Kb6 89. Rxe4 Kc7 90. Kc5 Kd7 91. d5 Kc7 92.
d6+ Kb7 93. Re7+ Kc8 94. Kc6 Kd8 95. Re1 Kc8 96. Re8# 1-0

[Event "CAN-ch U20 U1800"]
[Site "Toronto CAN"]
[Date "2019.08.10"]
[Round "6.36"]
[White "Xu, Xinge"]
[Black "Singh, Anya"]
[Result "1/2-1/2"]
[WhiteElo "1282"]
[BlackElo "1243"]
[PlyCount "60"]
[EventDate "2019.08.08"]
[EventType "swiss"]
[EventRounds "8"]
[EventCountry "CAN"]

1. e4 c5 2. Nf3 d6 3. c3 Nf6 4. Bd3 Nc6 5. Bc2 Bg4 6. d3 g6 7. Be3 Bg7 8. Nbd2
O-O 9. h3 Bd7 10. d4 cxd4 11. cxd4 Nb4 12. Bb1 Rc8 13. a3 Na6 14. O-O e6 15.
Bd3 Rc6 16. b4 Rc3 17. Qe2 Nb8 18. Rfc1 Rxc1+ 19. Rxc1 a6 20. Bf4 Bc6 21. Nb3
Nh5 22. Bh2 Qd7 23. Na5 Rd8 24. Nxc6 Nxc6 25. d5 exd5 26. exd5 Ne7 27. Bc4 Rc8
28. Re1 Nf6 29. Qxe7 Qxe7 30. Rxe7 Rxc4 1/2-1/2

[Event "CAN-ch U20 U1800"]
[Site "Toronto CAN"]
[Date "2019.08.10"]
[Round "6.37"]
[White "Kaleem, Shayaan"]
[Black "Wu, Ingrid"]
[Result "0-1"]
[WhiteElo "1387"]
[BlackElo "1313"]
[PlyCount "68"]
[EventDate "2019.08.08"]
[EventType "swiss"]
[EventRounds "8"]
[EventCountry "CAN"]

1. d4 d5 2. c4 dxc4 3. Nc3 a6 4. a4 Nf6 5. e4 e6 6. Bxc4 Bb4 7. Qc2 Qxd4 8. Bd3
c5 9. Nf3 Qd7 10. e5 Nd5 11. Bxh7 Nc6 12. Bd2 Qc7 13. Be4 Nde7 14. Bxc6+ Nxc6
15. Qe4 b6 16. Nb1 Bb7 17. Bxb4 Nxb4 18. Qe2 Bxf3 19. gxf3 Qxe5 20. Qxe5 Nd3+
21. Ke2 Nxe5 22. Nd2 Rd8 23. Ke3 Rd4 24. b3 Ke7 25. Ke2 f6 26. f4 Rxf4 27. Rag1
g5 28. f3 Rfh4 29. Rg2 Ng6 30. Ke3 Nf4 31. Rf2 Rd8 32. Nc4 Rd3+ 33. Ke4 f5+ 34.
Ke5 Rd5# 0-1

[Event "CAN-ch U20 U1800"]
[Site "Toronto CAN"]
[Date "2019.08.11"]
[Round "7.20"]
[White "Stoica, Savas Marin"]
[Black "Selva, Karthik B"]
[Result "1-0"]
[WhiteElo "1605"]
[BlackElo "1768"]
[PlyCount "67"]
[EventDate "2019.08.08"]
[EventType "swiss"]
[EventRounds "8"]
[EventCountry "CAN"]

1. d4 Nf6 2. c4 g6 3. Nc3 d5 4. cxd5 Nxd5 5. e4 Nxc3 6. bxc3 Bg7 7. Bc4 c5 8.
Ne2 O-O 9. O-O cxd4 10. cxd4 Nc6 11. Be3 a6 12. a4 e6 13. d5 exd5 14. Bxd5 Nb4
15. Bd4 Nxd5 16. Bxg7 Kxg7 17. exd5 Bd7 18. Qd4+ f6 19. Rab1 b5 20. axb5 Bxb5
21. Rfe1 Rb8 22. Nf4 Bd7 23. Qa7 Kg8 24. Ne6 Bxe6 25. dxe6 Ra8 26. Qb7 Qe8 27.
Rbd1 Rb8 28. Qxa6 Ra8 29. Qc4 Kh8 30. Rd7 Rc8 31. Qh4 h5 32. Qf4 Qxd7 33. exd7
Rcd8 34. Re7 1-0

[Event "CAN-ch U20 U1800"]
[Site "Toronto CAN"]
[Date "2019.08.11"]
[Round "7.21"]
[White "Petrovic, Milos"]
[Black "Uthayakumar, Ronan"]
[Result "1-0"]
[WhiteElo "1610"]
[BlackElo "1704"]
[PlyCount "59"]
[EventDate "2019.08.08"]
[EventType "swiss"]
[EventRounds "8"]
[EventCountry "CAN"]

1. e4 c5 2. Nc3 Nc6 3. Bb5 g6 4. Bxc6 bxc6 5. f4 Bg7 6. Nf3 Nf6 7. O-O O-O 8.
Qe1 d6 9. d3 Bg4 10. Qh4 Bxf3 11. Rxf3 h6 12. g4 Nd7 13. Be3 e5 14. g5 exf4 15.
Bxf4 Ne5 16. Rh3 h5 17. Ne2 Qb6 18. Rb1 f5 19. Bxe5 Bxe5 20. c3 Rae8 21. Rf3
fxe4 22. Rxf8+ Kxf8 23. Rf1+ Kg7 24. Qf2 Qb7 25. d4 cxd4 26. cxd4 e3 27. Qf3
Bxd4 28. Nxd4 Rf8 29. Qxf8+ Kh7 30. Qh6+ 1-0

[Event "CAN-ch U20 U1800"]
[Site "Toronto CAN"]
[Date "2019.08.11"]
[Round "7.22"]
[White "Ruchinskaya, Valerie"]
[Black "Jeyakumar, Bhavatharshan"]
[Result "0-1"]
[WhiteElo "1460"]
[BlackElo "1657"]
[PlyCount "128"]
[EventDate "2019.08.08"]
[EventType "swiss"]
[EventRounds "8"]
[EventCountry "CAN"]

1. d4 Nf6 2. c4 e5 3. dxe5 Ng4 4. Bf4 Nc6 5. Nf3 Bb4+ 6. Nbd2 Qe7 7. e3 Ncxe5
8. Nxe5 Nxe5 9. Qc2 d6 10. b3 Qf6 11. Bxe5 Qxe5 12. Rd1 Bg4 13. Be2 Bxe2 14.
Kxe2 O-O 15. Nf3 Qe7 16. h4 Rae8 17. Ng5 f5 18. g3 Bc5 19. Qd3 c6 20. Nh3 Qf6
21. h5 Qh6 22. Nf4 Re4 23. Kf3 Rfe8 24. Rde1 a5 25. Rh4 Bd4 26. Rg1 Bf6 27.
Rhh1 Bg5 28. Rd1 Bxf4 29. gxf4 Qf6 30. Rhe1 Qf7 31. Rh1 Qe7 32. h6 g6 33. Qc3
Re6 34. Rd3 a4 35. b4 Qf8 36. Qc2 b5 37. cxb5 cxb5 38. Qc6 Rb8 39. Rd5 Qe8 40.
Qc3 Qf7 41. Qd4 Re4 42. Qd2 Rxb4 43. Rc1 Rb2 44. Qxb2 Qxd5+ 45. Kg3 Qf7 46. Rc6
Qf8 47. Rxd6 Qxh6 48. Rd7 g5 49. Qe5 gxf4+ 50. exf4 Qg6+ 51. Kh2 Qh5+ 52. Kg1
Qg4+ 53. Kf1 Qh3+ 54. Ke2 Qg4+ 55. Ke3 Rf8 56. Qxb5 Re8+ 57. Kd2 Qxf4+ 58. Kd1
Qf3+ 59. Kc2 Qxf2+ 60. Rd2 Rc8+ 61. Kd1 Qf3+ 62. Re2 Qf1+ 63. Kd2 Qc1+ 64. Kd3
Qc3# 0-1

[Event "CAN-ch U20 U1800"]
[Site "Toronto CAN"]
[Date "2019.08.11"]
[Round "7.23"]
[White "Wang, Rachel"]
[Black "Zhang, Henry X"]
[Result "0-1"]
[WhiteElo "1646"]
[BlackElo "1589"]
[PlyCount "64"]
[EventDate "2019.08.08"]
[EventType "swiss"]
[EventRounds "8"]
[EventCountry "CAN"]

1. d4 Nf6 2. c4 g6 3. Nc3 Bg7 4. e4 d6 5. Nf3 O-O 6. Be2 e5 7. O-O Nc6 8. d5
Ne7 9. Ne1 Ne8 10. Be3 f5 11. f3 Nf6 12. Rc1 f4 13. Bf2 g5 14. c5 Ne8 15. Qc2
Ng6 16. cxd6 cxd6 17. Nb5 Rf7 18. Nxa7 Bd7 19. a3 h5 20. Qb3 g4 21. Qb6 Qg5 22.
Qxb7 Rxa7 23. Bxa7 g3 24. Bf2 h4 25. Qb6 h3 26. hxg3 fxg3 27. Qe3 Nf4 28. Bxg3
Qxg3 29. Qf2 Qg5 30. Rc2 hxg2 31. Kh2 Qh5+ 32. Kg1 Qh1# 0-1

[Event "CAN-ch U20 U1800"]
[Site "Toronto CAN"]
[Date "2019.08.11"]
[Round "7.24"]
[White "Gao, Lucy"]
[Black "Wang, Derek"]
[Result "1/2-1/2"]
[WhiteElo "1628"]
[BlackElo "1370"]
[PlyCount "56"]
[EventDate "2019.08.08"]
[EventType "swiss"]
[EventRounds "8"]
[EventCountry "CAN"]

1. e4 c5 2. Nf3 d6 3. Bb5+ Bd7 4. Bxd7+ Qxd7 5. O-O Nf6 6. e5 Nd5 7. c3 e6 8.
d4 cxd4 9. cxd4 Nc6 10. Qe2 dxe5 11. dxe5 Bc5 12. Rd1 Qc7 13. b3 O-O 14. Bb2
Rfd8 15. g3 Qb6 16. Nbd2 Ndb4 17. Ne4 Be7 18. a3 Nd5 19. b4 Rac8 20. Rac1 Nc7
21. Nfd2 Qb5 22. Qxb5 Nxb5 23. Nc4 Rxd1+ 24. Rxd1 Rd8 25. Rxd8+ Nxd8 26. f4 Kf8
27. Ncd6 Bxd6 28. Nxd6 Nxd6 1/2-1/2

[Event "CAN-ch U20 U1800"]
[Site "Toronto CAN"]
[Date "2019.08.11"]
[Round "7.25"]
[White "Yang, Brett"]
[Black "Wang, Eric"]
[Result "1/2-1/2"]
[WhiteElo "1575"]
[BlackElo "1530"]
[PlyCount "76"]
[EventDate "2019.08.08"]
[EventType "swiss"]
[EventRounds "8"]
[EventCountry "CAN"]

1. c4 c5 2. Nc3 Nc6 3. g3 g6 4. Bg2 Bg7 5. Nf3 e5 6. d3 Nge7 7. O-O O-O 8. Rb1
h6 9. a3 a5 10. Nb5 d6 11. Nd2 f5 12. e3 Be6 13. b3 Qd7 14. Bb2 g5 15. d4 exd4
16. exd4 Nxd4 17. Nxd4 Bxd4 18. Bxd4 cxd4 19. Nf3 f4 20. Nxd4 Bh3 21. Qh5 Bxg2
22. Kxg2 Nf5 23. Qg6+ Qg7 24. Qxg7+ Nxg7 25. Nb5 Rad8 26. Rbd1 fxg3 27. hxg3
Rf6 28. Rd5 b6 29. Rfd1 Ne8 30. b4 axb4 31. axb4 Kf7 32. c5 bxc5 33. bxc5 Ke7
34. g4 Rg6 35. cxd6+ Nxd6 36. Nd4 Nf7 37. Nf5+ Ke8 38. Rxd8+ Nxd8 1/2-1/2

[Event "CAN-ch U20 U1800"]
[Site "Toronto CAN"]
[Date "2019.08.11"]
[Round "7.26"]
[White "Mugunthan, Vaamanan"]
[Black "Chen, Vincent"]
[Result "1-0"]
[WhiteElo "1508"]
[BlackElo "1368"]
[PlyCount "77"]
[EventDate "2019.08.08"]
[EventType "swiss"]
[EventRounds "8"]
[EventCountry "CAN"]

1. e4 e6 2. d4 d5 3. Nc3 Nf6 4. Bd3 c5 5. dxc5 dxe4 6. Bb5+ Bd7 7. Bg5 h6 8.
Be3 a6 9. Ba4 Qa5 10. Bxd7+ Nbxd7 11. a3 Nd5 12. b4 Nxc3 13. Qd2 Qc7 14. Qxc3
Be7 15. Ne2 Bf6 16. Bd4 a5 17. Bxf6 Nxf6 18. O-O O-O 19. Rfd1 Nd5 20. Qb3 Rfd8
21. c4 Nf6 22. h3 g5 23. Qc3 e5 24. Qg3 axb4 25. axb4 Rxd1+ 26. Rxd1 Ra2 27.
Nc3 Rc2 28. Nd5 Nxd5 29. cxd5 f6 30. d6 Qd7 31. Qb3+ Kg7 32. Qxc2 f5 33. Qc3
Kf6 34. Rd5 Qa4 35. Qxe5+ Kg6 36. Qxf5+ Kh5 37. Qg4+ Kg6 38. Qxe4+ Kg7 39. d7
1-0

[Event "CAN-ch U20 U1800"]
[Site "Toronto CAN"]
[Date "2019.08.11"]
[Round "7.27"]
[White "Sokol, Anna"]
[Black "Srinivas, Atharva"]
[Result "1/2-1/2"]
[WhiteElo "1588"]
[BlackElo "1720"]
[PlyCount "60"]
[EventDate "2019.08.08"]
[EventType "swiss"]
[EventRounds "8"]
[EventCountry "CAN"]

1. e4 e5 2. Nf3 Nc6 3. Bb5 a6 4. Ba4 Nf6 5. O-O Be7 6. Re1 b5 7. Bb3 d6 8. c3
O-O 9. h3 Na5 10. Bc2 c5 11. d4 Qc7 12. Bg5 Bd7 13. Nbd2 Rfc8 14. dxe5 dxe5 15.
b3 Be6 16. Qe2 Rd8 17. Rad1 Nc6 18. Nf1 h6 19. Be3 Rxd1 20. Rxd1 Rd8 21. Rxd8+
Qxd8 22. Qd2 Qxd2 23. N1xd2 a5 24. a3 Nd7 25. Ne1 f6 26. f3 c4 27. bxc4 bxc4
28. Ba4 Ndb8 29. Nc2 Nd8 30. Bb5 Nb7 1/2-1/2

[Event "CAN-ch U20 U1800"]
[Site "Toronto CAN"]
[Date "2019.08.11"]
[Round "7.28"]
[White "Dey, Jan Marten"]
[Black "Darvekar, Yash"]
[Result "0-1"]
[WhiteElo "1381"]
[BlackElo "1628"]
[PlyCount "186"]
[EventDate "2019.08.08"]
[EventType "swiss"]
[EventRounds "8"]
[EventCountry "CAN"]

1. e4 c5 2. Nf3 g6 3. d4 cxd4 4. Nxd4 Nc6 5. Be3 Nf6 6. Nc3 Bg7 7. Bc4 O-O 8.
O-O d6 9. Qd2 Ng4 10. Nxc6 bxc6 11. Bd4 Bh6 12. Qe2 c5 13. Be3 Nxe3 14. fxe3
Bg7 15. Rad1 Rb8 16. Rb1 e6 17. Ba6 Qb6 18. Bxc8 Rfxc8 19. Na4 Qb4 20. b3 Qxe4
21. Qf3 Qxf3 22. Rxf3 c4 23. Rf2 d5 24. Rd2 Rb5 25. Rbd1 Kf8 26. Kf1 Ke7 27.
Ke2 Kd6 28. g4 c3 29. Rd3 Rb4 30. Rf1 Ke7 31. Rf4 Rxf4 32. exf4 d4 33. Kf3 f5
34. g5 e5 35. Rd1 e4+ 36. Ke2 Kd6 37. Kf2 Kc6 38. h3 Kb5 39. a3 a5 40. h4 Rd8
41. Nxc3+ Kc6 42. Ne2 Kc5 43. Nc1 Rc8 44. Ne2 Kd5 45. c4+ Kc5 46. Rb1 d3 47.
Ng3 Bd4+ 48. Ke1 Bc3+ 49. Kf2 Re8 50. Ke3 Bd4+ 51. Kd2 Bf2 52. Nf1 e3+ 53. Kxd3
e2 54. b4+ axb4 55. axb4+ Kc6 56. b5+ Kc5 57. Nd2 Re3+ 58. Kc2 e1=Q 59. Rxe1
Bxe1 60. Nb3+ Kb6 61. Nd4 Kc5 62. Nb3+ Kb6 63. Nd4 Re4 64. Kd3 Bxh4 65. c5+
Kxc5 66. Nb3+ Kxb5 67. Nd4+ Rxd4+ 68. Kxd4 Kc6 69. Ke3 Kd5 70. Kf3 Kd4 71. Kg2
Ke4 72. Kh3 Be1 73. Kg2 Kxf4 74. Kf1 Ba5 75. Kg2 Kg4 76. Kf2 f4 77. Ke2 Kg3 78.
Kf1 f3 79. Kg1 f2+ 80. Kf1 Bb6 81. Ke2 Kg2 82. Kd3 f1=Q+ 83. Kc3 Qe2 84. Kb3
Qe4 85. Ka3 Qc4 86. Kb2 Kf2 87. Kb1 Ke2 88. Kb2 Kd2 89. Ka3 Bc5+ 90. Kb2 Qb4+
91. Ka2 Qa3+ 92. Kb1 Qb3+ 93. Ka1 Bd4# 0-1

[Event "CAN-ch U20 U1800"]
[Site "Toronto CAN"]
[Date "2019.08.11"]
[Round "7.29"]
[White "Zhou, Johnson"]
[Black "Zhu, Ricky"]
[Result "1/2-1/2"]
[WhiteElo "1358"]
[BlackElo "1481"]
[PlyCount "126"]
[EventDate "2019.08.08"]
[EventType "swiss"]
[EventRounds "8"]
[EventCountry "CAN"]

1. e4 c5 2. c3 d5 3. Bb5+ Nc6 4. Qa4 Bd7 5. exd5 Ne5 6. Bxd7+ Qxd7 7. Qxd7+
Kxd7 8. Ke2 Nf6 9. f4 Ng6 10. g3 Nxd5 11. Nf3 e6 12. Rd1 Bd6 13. d4 Ke7 14.
Nbd2 cxd4 15. Nxd4 a6 16. Ne4 Bc7 17. f5 Nf8 18. fxe6 fxe6 19. Nc5 b6 20. Bg5+
Nf6 21. Nc6+ Kf7 22. Nd3 N8d7 23. Rf1 h6 24. Bxf6 gxf6 25. Rad1 Kg6 26. Rg1 Nf8
27. Rdf1 Bd8 28. Nf4+ Kg7 29. Nh5+ Kg6 30. Nxd8 Rxd8 31. Nxf6 Nd7 32. Nxd7 Rxd7
33. Rd1 Rhd8 34. Rxd7 Rxd7 35. Rf1 b5 36. Rf8 Rd6 37. Rg8+ Kf7 38. Rh8 Kg7 39.
Rc8 Kf6 40. Rh8 Kg7 41. Re8 Kf7 42. Rc8 Kf6 43. Rc5 e5 44. b3 Re6 45. Ke3 h5
46. a4 bxa4 47. bxa4 Kf5 48. c4 Rd6 49. Rc8 Rd4 50. c5 Rxa4 51. c6 Rc4 52. c7
Ke6 53. Ra8 Rxc7 54. Rxa6+ Kf5 55. Rh6 Kg5 56. Re6 Kf5 57. Re8 Rh7 58. Rf8+ Kg4
59. Ke4 Kh3 60. Rf2 h4 61. gxh4 Rxh4+ 62. Kxe5 Ra4 63. Kf5 Rb4 1/2-1/2

[Event "CAN-ch U20 U1800"]
[Site "Toronto CAN"]
[Date "2019.08.11"]
[Round "7.30"]
[White "Lin, Ethan"]
[Black "Yang, Larry"]
[Result "0-1"]
[WhiteElo "1448"]
[BlackElo "1378"]
[PlyCount "164"]
[EventDate "2019.08.08"]
[EventType "swiss"]
[EventRounds "8"]
[EventCountry "CAN"]

1. e4 e5 2. Nf3 Nc6 3. Bc4 Bc5 4. b4 Bxb4 5. c3 Be7 6. d4 d6 7. O-O Nf6 8. Ng5
O-O 9. f4 h6 10. Nf3 exd4 11. e5 dxe5 12. fxe5 Nd7 13. cxd4 Nb6 14. Bb3 Bg4 15.
Be3 Nd5 16. Bf2 Kh8 17. Qd3 Be6 18. Nbd2 Ndb4 19. Qe2 Bxb3 20. axb3 Nd5 21. Qb5
Nb6 22. Ne4 a6 23. Qe2 Qd5 24. Qe3 f6 25. Rfd1 fxe5 26. dxe5 Qe6 27. Bg3 Rad8
28. Rab1 Nd7 29. Nc3 Bc5 30. Nd4 Bxd4 31. Rxd4 Nxd4 32. Qxd4 Nb6 33. Qb4 Rf7
34. Ne4 Rfd7 35. Rf1 Rd1 36. Nf2 Rxf1+ 37. Kxf1 Kg8 38. Qc5 Nd5 39. Qc1 Qb6 40.
Qc4 Kh8 41. Kg1 Qb4 42. Qxb4 Nxb4 43. Kf1 Kg8 44. Ke2 Kf7 45. e6+ Kxe6 46. Bxc7
Rc8 47. Ba5 Rc2+ 48. Kf3 Nc6 49. Be1 Nd4+ 50. Ke3 Nxb3 51. Kd3 Rc6 52. Bc3 g5
53. Kc2 Nd4+ 54. Kb2 Nf5 55. g4 Nh4 56. h3 b6 57. Kb3 Ng2 58. Kb4 Nf4 59. Kb3
Kd5 60. Kb4 h5 61. gxh5 Nxh5 62. Kb3 Nf4 63. Bd2 Rh6 64. Ka4 Nxh3 65. Nxh3 Rxh3
66. Bxg5 Kc4 67. Be7 Rh1 68. Ka3 Rh3+ 69. Ka4 Rh1 70. Ka3 b5 71. Kb2 a5 72. Bg5
a4 73. Bc1 a3+ 74. Ka2 Rxc1 75. Kxa3 b4+ 76. Kb2 b3 77. Ka3 Kc3 78. Ka4 b2 79.
Kb5 b1=R+ 80. Kc5 Kb3+ 81. Kb5 Ka2+ 82. Ka6 Rc3 0-1

[Event "CAN-ch U20 U1800"]
[Site "Toronto CAN"]
[Date "2019.08.11"]
[Round "7.31"]
[White "Khan, Riley"]
[Black "Zhang, Joyce"]
[Result "1-0"]
[WhiteElo "1445"]
[BlackElo "1339"]
[PlyCount "63"]
[EventDate "2019.08.08"]
[EventType "swiss"]
[EventRounds "8"]
[EventCountry "CAN"]

1. e4 c5 2. Nf3 d6 3. Nc3 a6 4. d4 cxd4 5. Nxd4 Nf6 6. Be2 g6 7. Be3 e5 8. Nb3
Bg7 9. Qd2 O-O 10. O-O-O Ne8 11. Bh6 Nd7 12. Bxg7 Kxg7 13. h4 h5 14. g4 hxg4
15. Bxg4 Ndf6 16. Be2 Nd7 17. Rdg1 Qf6 18. h5 Qf4 19. hxg6 Qxd2+ 20. Nxd2 fxg6
21. Bh5 Rf6 22. Nd5 Re6 23. f4 exf4 24. Nxf4 Rf6 25. Nxg6 Kf7 26. Nf4+ Kf8 27.
Nd5 Rf2 28. Bxe8 Kxe8 29. Nc4 Kf7 30. Rh7+ Kf8 31. Nxd6 Ne5 32. Rh8# 1-0

[Event "CAN-ch U20 U1800"]
[Site "Toronto CAN"]
[Date "2019.08.11"]
[Round "7.32"]
[White "Guo, Anni"]
[Black "Yao, Henry"]
[Result "1-0"]
[WhiteElo "1300"]
[BlackElo "1475"]
[PlyCount "53"]
[EventDate "2019.08.08"]
[EventType "swiss"]
[EventRounds "8"]
[EventCountry "CAN"]

1. e4 e6 2. d4 d5 3. Nc3 Nf6 4. Bg5 Be7 5. Bxf6 Bxf6 6. Nf3 O-O 7. Be2 Be7 8.
O-O b6 9. a3 Bb7 10. Bd3 Nd7 11. Re1 Nf6 12. Qd2 c5 13. e5 Nd7 14. Qe3 cxd4 15.
Nxd4 Nc5 16. Rad1 Nxd3 17. Rxd3 Ba6 18. Rdd1 Rc8 19. Nce2 Qd7 20. Nf4 Bc5 21.
Qg3 Be7 22. Nh5 g6 23. Nf6+ Bxf6 24. exf6 Qc7 25. Qg5 Qd8 26. Re3 h5 27. Nxe6
1-0

[Event "CAN-ch U20 U1800"]
[Site "Toronto CAN"]
[Date "2019.08.11"]
[Round "7.33"]
[White "Jeyakumar, Yathushan"]
[Black "Yang, Lefan"]
[Result "1/2-1/2"]
[WhiteElo "1442"]
[BlackElo "1394"]
[PlyCount "70"]
[EventDate "2019.08.08"]
[EventType "swiss"]
[EventRounds "8"]
[EventCountry "CAN"]

1. e4 c5 2. c3 d6 3. d4 cxd4 4. cxd4 Nf6 5. Nc3 g6 6. Bc4 Bg7 7. Nf3 Bg4 8. h3
Bd7 9. O-O O-O 10. Be3 Qc7 11. Bd3 e6 12. Nd2 Nc6 13. Rc1 Qd8 14. f4 Rc8 15.
Nb3 Na5 16. Nxa5 Qxa5 17. Qd2 Bc6 18. f5 a6 19. Bh6 Qb6 20. Be3 Qd8 21. e5 dxe5
22. dxe5 Nd7 23. f6 Bh8 24. Bd4 Nxf6 25. Qf4 Nd5 26. Nxd5 Qxd5 27. Rf2 Rcd8 28.
Bb6 Bxe5 29. Qe3 Bd4 30. Bxd4 Qxd4 31. Qxd4 Rxd4 32. Bc4 b5 33. Bxe6 Rd6 34.
Bb3 Kg7 35. Re1 Rf6 1/2-1/2

[Event "CAN-ch U20 U1800"]
[Site "Toronto CAN"]
[Date "2019.08.11"]
[Round "7.34"]
[White "Zuo, Roger"]
[Black "Prasanna, Shreyas"]
[Result "1-0"]
[WhiteElo "1235"]
[BlackElo "1412"]
[PlyCount "71"]
[EventDate "2019.08.08"]
[EventType "swiss"]
[EventRounds "8"]
[EventCountry "CAN"]

1. e4 e6 2. d4 d5 3. Nc3 Bb4 4. Bd2 Ne7 5. Nf3 Bxc3 6. Bxc3 dxe4 7. Ng5 Qd5 8.
Qg4 Qf5 9. Qxf5 exf5 10. Bc4 O-O 11. f3 h6 12. Nh3 exf3 13. gxf3 Be6 14. Bxe6
fxe6 15. Nf4 Nd5 16. Nxd5 exd5 17. O-O-O Nc6 18. Rhg1 Rae8 19. Rg2 Kh7 20. Rdg1
Rg8 21. b3 Re3 22. Bb2 Rxf3 23. c4 Ne7 24. Re2 Ng6 25. Re6 Nf4 26. Re7 c6 27.
Kb1 dxc4 28. bxc4 Nd3 29. Ba1 Nf4 30. d5 Ng6 31. Rxb7 cxd5 32. cxd5 Rd3 33. h4
Nxh4 34. Rbxg7+ Rxg7 35. Rxg7+ Kh8 36. Rg3+ 1-0

[Event "CAN-ch U20 U1800"]
[Site "Toronto CAN"]
[Date "2019.08.11"]
[Round "7.35"]
[White "Lin, Joey"]
[Black "Zhuang, Winnie"]
[Result "1-0"]
[WhiteElo "1450"]
[BlackElo "1537"]
[PlyCount "87"]
[EventDate "2019.08.08"]
[EventType "swiss"]
[EventRounds "8"]
[EventCountry "CAN"]

1. b3 Nf6 2. e3 g6 3. d4 d5 4. Bb2 Bg7 5. Nc3 Bf5 6. Bd3 Bxd3 7. cxd3 Nc6 8.
Nf3 e6 9. O-O O-O 10. Re1 Re8 11. e4 a6 12. Qd2 Ne7 13. Rad1 Nd7 14. Ne2 c5 15.
dxc5 Bxb2 16. Qxb2 Nxc5 17. exd5 Nxd5 18. Nc3 Nf4 19. Qb1 Nd7 20. d4 Qf6 21.
Ne4 Qf5 22. Ng3 Qf6 23. Qe4 Nd5 24. Rd2 Rac8 25. Ne5 Nxe5 26. dxe5 Qe7 27. Qg4
Rc6 28. Ne4 Kg7 29. Nd6 Rd8 30. Rxd5 f6 31. exf6+ Qxf6 32. Ne4 Qe7 33. Rxd8
Qxd8 34. Rd1 Qc7 35. Ng5 Qe7 36. Nf3 Qc7 37. Nd4 Qc8 38. Nxc6 Qxc6 39. Qd4+ Kf7
40. Qd7+ Qxd7 41. Rxd7+ Kf6 42. Rxb7 e5 43. Rxh7 Kf5 44. Ra7 1-0

[Event "CAN-ch U20 U1800"]
[Site "Toronto CAN"]
[Date "2019.08.11"]
[Round "7.36"]
[White "Wu, Ingrid"]
[Black "Wang, Andrew"]
[Result "1-0"]
[WhiteElo "1313"]
[BlackElo "1495"]
[PlyCount "99"]
[EventDate "2019.08.08"]
[EventType "swiss"]
[EventRounds "8"]
[EventCountry "CAN"]

1. e4 e5 2. Nf3 Nf6 3. Nc3 Nc6 4. Bb5 Bc5 5. Nxe5 Nxe5 6. d4 Bd6 7. dxe5 Bxe5
8. Bg5 c6 9. Bd3 Qc7 10. h3 h6 11. Bd2 O-O 12. Rb1 Re8 13. Ne2 d5 14. exd5 Nxd5
15. O-O Bd7 16. Kh1 Nf4 17. Nxf4 Bxf4 18. Bxf4 Qxf4 19. a3 Rad8 20. Qc1 Qh4 21.
Kh2 Re5 22. Qd2 Be6 23. Rbe1 Rh5 24. Qe3 Rd4 25. Qg3 Qd8 26. Re3 Rg4 27. Qf3
Qd6+ 28. Kg1 Rgg5 29. Rd1 Qc7 30. Kf1 Rh4 31. Re4 Rxe4 32. Bxe4 f5 33. Bd3 Bd5
34. Qe3 Bxg2+ 35. Ke2 Kh7 36. f4 Rh5 37. Qe8 Bxh3 38. Qxh5 Qe7+ 39. Kd2 Bg2 40.
Qxf5+ Kg8 41. Re1 Qd8 42. Qh7+ Kf7 43. Qg6+ Kf8 44. Qxg2 g5 45. fxg5 hxg5 46.
Qf3+ Kg7 47. Qf5 b6 48. Re6 c5 49. Rg6+ Kh8 50. Qf7 1-0